000 01779nam a2200409Ia 4500
005 20220317001027.0
008 160825s2009 ck a g 000 0 spa
020 _a97895830035012
100 1 _aRomán, Celso
_d1947-
245 1 3 _aEl libro de las ciudades
_bcompilación de un recorrido por lugares no imaginados
_cCelso Román ; ilustraciones J. Aberto Motta Marroquín y Rocío Parra Parra
250 _a1a. edición
_b6a. reimpresión
300 _a174 páginas
_bilustraciones en color
_c20 cm
490 _aLiteratura juvenil
500 _aIncluye datos biográficos
505 _aLa ciudad del dragón -- La ciudad del cabajlo sediento -- La ciudad en el río -- La ciudad de papel -- La ciudad de loa árboles -- La ciudad de las cinco de la tarde -- La ciudad del olvido -- La ciudad transparente -- La ciudad de los colores
650 1 4 _2LEMB
_aCuentos infantiles colombianos
_ySiglo XX
650 1 4 _2LEMB
_aLiteratura infantil colombiana
_ySiglo XX
650 1 4 _2LEMB
_aPueblos y ciudades en la literatura
700 1 _aMotta Marroquín, J. Alberto
_eilustrador
_964585
700 1 _aParra Parra, Rocío
_eilustrador
_964586
740 3 2 _aLa ciudad del dragón
740 3 2 _aLa ciudad del caballo sediento
740 3 2 _aLa ciudad en el río
740 3 2 _aLa ciudad de papel
740 3 2 _aLa ciudad de los árboles
740 3 2 _aLa ciudad de las cinco de la tarde
740 3 2 _aLa ciudad del olvido
740 3 2 _aLa ciudad transparente
740 3 2 _aLa ciudad de los colores
942 _2loc
_cBKLIT
264 _aBogotá
_bPanamericana
_c2009
336 _atexto
_btxt
_2rdacontent
337 _asin mediación
_bn
_2rdamedia
338 _avolumen
_bnc
_2rdacarrier
040 _aCO-BoRNBP
_bspa
_erda
_cCO-BoRNBP
084 _aC ROM1
999 _c5709
_d5709